000 00967cam a2200349 i 4500
001 0000641
003 DO-SdBPM
005 20250708142355.0
007 ta
008 100514s2001 sp | 000 f spa
015 _a
017 _a
_b
020 _a8420452394
035 _a
040 _aDO-SdBPM
_bspa
_cBPMSU
_erda
_d
080 _a
082 4 _a863.6
_bM385h 2001
_222
100 1 _aMartínez Gil, Fernando,
_d1956-
_eautor
245 1 0 _aHistoria de un libro /
_cFernando Martínez Gil.
264 _aMadrid :
_bAlfaguara,
_c2001
300 _a218 páginas ;
_c22 cm.
336 _atexto
_btxt
_2rdacontent
337 _asin mediación
_bn
_2rdamedia
338 _avolumen
_bnc
_2rdacarrier
490 0 _aRoja
500 _aIncluye datos biográficos del autor.
590 _aInventariado, 2025/VM
650 7 _aNovela juvenil española
650 7 _aLibros
_vnovela
910 _aVMateo V. Control de caldiad. BPMSU
942 _2ddc
_cBK
999 _c11261
_d11261